| 000 | 00795nam a2200205 a 4500 | ||
|---|---|---|---|
| 003 | 0 | ||
| 005 | 20250421083442.0 | ||
| 008 | 970101s19uu xx 00 eng d | ||
| 050 |
_aPGS HV 6715 _b.An581 2004 |
||
| 100 | _aAng, Ma. Preciosa Monica D.V. | ||
| 245 |
_aThe effects of gambling on the economics, social and emotional aspects in life / _cMa. Preciosa Monica D.V. Ang. |
||
| 260 |
_aLas PiƱas City, Philippines : _bSouthville International School and Colleges, _c2004. |
||
| 300 |
_a26 pages : _bcolored illustrations ; _c28 cm. |
||
| 504 | _aIncludes bibliographic references. | ||
| 650 |
_aGambling _vSocial aspects. |
||
| 650 |
_aGambling _vEconomic aspects. |
||
| 650 |
_aGambling _vPsychological aspects. |
||
| 650 |
_aGambling _vMoral and ethical aspects. |
||
| 942 |
_2lcc _cPASS |
||
| 999 |
_c96950 _d96950 |
||